| 000 | 00561nam a2200169 a 4500 | ||
|---|---|---|---|
| 005 | 20140412111338.0 | ||
| 008 | 031016s19uu xx 00 eng d | ||
| 020 | _a0-590-96375-9 | ||
| 050 |
_aTR(GS 372.3 _bG939 1996 |
||
| 100 | _aGuevarra-Chang, Maria L. | ||
| 245 |
_aScience (Grades 1-3) : _bquick-and-easy learning games / _cby David M. Schwartz and David J. Whitin. |
||
| 260 |
_aNew York : _bScholastic Professional Books, _c1996. |
||
| 300 | _a48 p. ; ill. | ||
| 650 | _aScience--Study and teaching | ||
| 650 | _aScience--Activities | ||
| 999 |
_c105075 _d105075 |
||